Представление документа в формате RUSMARC

ПолеНазваниеЗначение
  Тип записи a
  Библиографический уровень m
001 Контрольный номер RU/REG73/CBS_GRAD/7038955227264215a99ad7b4ced67897
005 Дата корректировки 20231023145830.3
010 Индекс ISBN __
9 Тираж 17050 экз.
100 Данные общей обработки __
a Данные общей обработки 20231010a20231004||| 0rusy0189 ca
101 Язык документа 0_
a Язык текста rus
102 Страна публикации __
a Страна публикации RU
105 Кодированные данные (монография) __
a Кодированные данные (монография) y###z 000yy
110 Кодированные данные: продолжающиеся ресурсы __
a Кодированные данные продолжающихся ресурсов acazz 0yy0
200 Заглавие и сведения об ответственности 1_
a Заглавие № 39 (1551) (октябрь)
210 Выходные данные 1_
d Дата издания 2023
461 Уровень набора _0
1 2001
e газета Государства Российского
a Завтра
f учредитель Редакция газеты-еженедельника Завтра
v № 39 (1551) (октябрь)
1 2101
a Москва
d 1993-
1 300
а Выходит еженедельно
1 333
а 16+
1 001RU/REG73/CBS_GRAD/ef3c6341c2574dd58b57ad37f92da7b2
801 Источник записи _0
a Страна RU
b Организация RuCBSGrad
c Дата составления 20231010
g Правила каталогизации RCR
801 Источник записи _1
a Страна RU
b Организация RuCBSGrad
c Дата составления 20231010
g Правила каталогизации RCR
901 Тип документа __
t Тип документа h
w Контрольный № источника RU/REG73/CBS_GRAD/ef3c6341c2574dd58b57ad37f92da7b2